| 000 | 00698nam a2200205Ia 4500 | ||
|---|---|---|---|
| 999 |
_c36774 _d36774 |
||
| 001 | 2713 | ||
| 003 | GE_BSU | ||
| 005 | 20190604161332.0 | ||
| 008 | 181216s2004||||ge |||||||||||||| ||geo|| | ||
| 040 | _cGE_BSU | ||
| 041 | _ageo | ||
| 080 | _a658.8(479.223)(09) დ–90 | ||
| 100 |
_aდუმბაძე, ს. _92054 |
||
| 245 |
_aკავშირგაბმულობა და ფოსტა აჭარაში / _c ს. დუმბაძე. |
||
| 264 |
_aბათუმი : _bბიზნეს კურიერი, _c2004. |
||
| 300 |
_a476 გვ.; _b20 სმ. |
||
| 653 | _aკავშირგაბმულობა | ||
| 653 | _aფოსტა | ||
| 942 |
_cBK _2udc |
||